Resumen de actividades desarrolladas por estos servicios durante el año 1968 / (Record no. 39392)

MARC details
000 -LEADER
campo de control de longitud fija 00701nam a2200181 i 4500
001 - NÚMERO DE CONTROL
campo de control 39392
003 - IDENTIFICADOR DE NÚMERO DE CONTROL
campo de control ES-MaACL
005 - FECHA Y HORA DE LA ÚLTIMA TRANSACCIÓN
campo de control 20250901205143.0
007 - CAMPO FIJO DE DESCRIPCIÓN FÍSICA--INFORMACIÓN GENERAL
campo de control de longitud fija t|
008 - DATOS DE LONGITUD FIJA--INFORMACIÓN GENERAL
campo de control de longitud fija 030303s1970 sp ||||1| spa d
110 2# - ENTRADA PRINCIPAL--NOMBRE DE ENTIDAD CORPORATIVA
Nombre de entidad corporativa o nombre de jurisdicción como elemento de entrada Cámara Oficial de Comercio e Industria de Granada
9 (RLIN) 2377
245 10 - MENCIÓN DEL TÍTULO
Título Resumen de actividades desarrolladas por estos servicios durante el año 1968 /
Mención de responsabilidad, etc. Cámara Oficial de Comercio e Industria de la Provincia de Granada.
260 ## - PUBLICACIÓN, DISTRIBUCIÓN, ETC.
Lugar de publicación, distribución, etc. Granada :
Nombre del editor, distribuidor, etc. [s.n.,
Fecha de publicación, distribución, etc. 1970] (
Fabricante Imp. Ventura Hita)
300 ## - DESCRIPCIÓN FÍSICA
Extensión 93 p. ;
Dimensiones 24 cm.
610 27 - PUNTO DE ACCESO ADICIONAL DE MATERIA--NOMBRE DE ENTIDAD CORPORATIVA
Nombre de entidad corporativa o nombre de jurisdicción como elemento de entrada Cámara Oficial de Comercio e Industria de Granada-
Subdivisión de forma Memorias
Fuente del encabezamiento o término
9 (RLIN) 170440
852 ## - LOCALIZACIÓN
Ubicación ES-MaACL
Número de control de estantería C-44095
Sublocalización o colección R.73578
Holdings
Estatus retirado Estado de pérdida Estado de daño No para préstamo Biblioteca de origen Biblioteca actual Ubicación en estantería Fecha de adquisición Fuente de adquisición Total de préstamos Signatura topográfica completa Código de barras Visto por última vez Precio de reemplazo Tipo de ítem Koha
        Biblioteca del Ateneo de Madrid Biblioteca del Ateneo de Madrid Depósito 2 17/01/2008     C-44095 1041488 23/02/2023 23/02/2023 Libro impreso